| 000 | 00627nam a22002057a 4500 | ||
|---|---|---|---|
| 005 | 20260515164006.0 | ||
| 008 | 260515b |||||||| |||| 00| 0 eng d | ||
| 020 |
_a9789332518414 _c1380.00 |
||
| 040 | _aMAIN | ||
| 041 | _aEnglish | ||
| 082 |
_a410.285 _bJUR |
||
| 100 |
_aJurafsky, Daniel _923162 |
||
| 245 |
_aSpeech and language processing _b: An Introduction to Natural Language Processing Computational Linguistics and Speech Recognition |
||
| 250 | _a2nd | ||
| 260 |
_aNoida _bPearson _c2025 |
||
| 300 | _a940 | ||
| 650 |
_aComputer Science (PM (USHA) _926808 |
||
| 700 |
_aMartin, James H. _923163 |
||
| 942 | _cBK | ||
| 999 |
_c60816 _d60816 |
||